Famous Jack's by Picture - Statistics

General Stats
  • This quiz has been taken 79 times
  • The average score is 5 of 6
Answer Stats
Picture Answer % Correct
Michael Jackson
100%
Samuel L. Jackson
98%
Jack Black
91%
Jackie Chan
89%
Hugh Jackman
82%
Jackie Robinson
61%
No matching quizzes found
Score Distribution
Percent of People with Each Score
Percentile by Number Answered
Your Score History
You have not taken this quiz